| 000 | 00577nam a2200217Ia 4500 | ||
|---|---|---|---|
| 999 |
_c50804 _d50804 |
||
| 001 | 17757 | ||
| 003 | GE_BSU | ||
| 005 | 20220223131040.0 | ||
| 008 | 181216s2009||||fr |||||||||||||| ||fre|| | ||
| 040 | _cGE_BSU | ||
| 041 | _afre | ||
| 080 | _a811.133.1 M-67 | ||
| 100 |
_aMiquel, Claire _97389 |
||
| 245 |
_aGrammaire en dialogues. Niveau debutant / _cClaire Miquel. |
||
| 264 | _c2009. | ||
| 300 |
_a128 p.; _b30cm. |
||
| 653 | _aGrammaire en dialogues | ||
| 653 | _aNiveau debutant | ||
| 653 | _aფრანგული გრამატიკა | ||
| 942 |
_cBK _2udc |
||